Games - Statistiken

Allgemein
  • Dieses Quiz wurde 1.072 mal gespielt
  • Das Durchschnittsergebnis liegt bei 13 aus 22
Antwortstatistiken
Hint Antwort % Korrekt
Sus! Among Us
86%
San Andreas Grand Theft Auto
79%
Fallende Blöcke Tetris
78%
Black Ops Call of Duty
76%
Klempner rettet Frau Mario Bros
74%
3D Blöcke Spiel Minecraft
73%
Tom Clancy`s Rainbow Six Siege
68%
Taschenmonster Pokemon
66%
Bohnenparkour Fall Guys
64%
Horde und Allianz World of Warcraft
56%
Rush B Counter Strike
54%
Schrott sammeln für eine Zwielichtige Organisation Lethal Company
53%
Erstes NfS mit richtigem Tuning Need for Speed: Underground
53%
Banküberfall Payday
49%
Summoners Rift League of Legends
48%
Sid Meier`s Civilization
47%
Roguelike Poker Balatro
46%
Gwent The Witcher
45%
2D Blöcke Spiel Terraria
44%
BMW M3 Need for Speed: Most Wanted
40%
Cops vs Racers Need for Speed Rivals
36%
Mithrix Risk of Rain
25%
Keine übereinstimmenden Quizze gefunden
Verteilung der Resultate
Anzahl Personen mit jedem Resultat
Perzentil nach korrekt beantworteten Fragen
Ihre Resultats-Entwicklung
Sie haben dieses Quiz noch nicht gespielt